000 01421nab a2200217 i 4500
001 768714001
003 CO-MdFUSB
005 20230111161405.0
008 210916b ck ||||| |||| 00| 0 spa d
022 _a10149341
040 _bspa
_aCO-MdFUSBC
_cCO-MdFUSB
_dCO-MdFUSB
041 _aspa
100 _aPerdomo, Edgar Alan,
_eautor
245 0 _aHacia una iglesia como institución sierva de los seres humanos
_c/ Edgar Alan Perdomo
300 _aNúmero 42 (Enero - Junio, 2008), páginas 30-51
_c; 22 cm
520 _aLas instituciones juegan un papel clave al servicio de la sociedad, pero pueden perder de vista su propósito original para llegar a tener como meta principal su propio engrandecimiento. La iglesia puede caer en semejante institucionalismo, dando prioridad a su éxito como institución por encima del servicio a las personas. Una reacción posmoderna a esta tendencia han sido las "iglesias emergentes", con su apertura al pluralismo de opiniones y la diversidad de estructuras. La respuesta al institucionalismo en la iglesia no es eliminar todo vestigio de organización humana, sino orientar toda su labor al propósito para el cual existe: la formación de personas que glorifiquen a Dios.
690 _aBiblia
690 _aAcción social
773 0 _049489
_979775
_oR2072
_tKairós
_w(CO-MdFUSB)24
_x1014-9341
_gNúmero 42 (Enero - Junio, 2008), páginas 30-51
_qpágina 30
942 _cANA
999 _c66878
_d66878